000 00782nam a2200253Ia 4500
003 OSt
005 20221002044803.0
006 a|||||r|||| 00| 0
007 ta
008 220930b |||||||| |||| 00| 0 eng d
020 _a9230019240
024 _a23693
037 _cReference Collections
040 _aCRL
_cCRL
_beng
041 _2eng
_aeng
082 _aNQ1,M6a, M1(RR)
111 _aUNITED NATIONS EDUCATIONAL, SCIENTIFIC AND CULTURAL ORGANIZATION
_9348832
245 0 _aCatalogue of reproductions of paintings 1860 to 1979 with seventeen projects for exhibitions
260 _aParis
_bUNESCO France
_c1981
300 _a275p.
_ccm.
650 _aPAINTING
_934359
942 _hNQ1,M6a, M1(RR)
_cref
_2CC
999 _c911116
_d911116